000 00643nam a2200181 a 4500
001 000046178
005 20201002052705.0
008 150703s1999 dr ac 000 0 spa d
040 _aDO-SdBNP
_bspa
_cBNPHU
082 _axxxx
_bxxxx
100 1 _aMena, Miguel de
_954892
245 1 0 _a¡Luis Dias, échale gas! /
_cMiguel de Mena ; con la colaboración de Tanya Valette, Iván Araque, Jimmy Hungría.
260 _aSanto Domingo :
_bEl Jardin de las Delicias,
_c1999.
300 _a184 p. :
_bil., retrs. ;
_c27 cm.
700 1 2 _aValette, Tanya,
_ecol.
_974221
700 1 2 _aAraque, Iván,
_ecol.
_974222
700 1 2 _aHungría, Jimmy,
_ecol.
_933004
999 _c45667
_d45667